Most Popular Animals by Letter - Statistics

General Stats
  • This quiz has been taken 43 times
  • The average score is 10 of 26
Answer Stats
Letter Animal % Correct
C Cat
85%
D Dog
85%
E Elephant
85%
L Lion
85%
Z Zebra
73%
T Tiger
67%
M Monkey
61%
G Giraffe
52%
H Horse
52%
K Kangaroo
48%
B Bear
39%
F Fox
39%
J Jaguar
39%
A Alligator
27%
P Penguin
27%
O Ostrich
24%
R Rabbit
24%
S Shark
24%
Y Yak
24%
I Iguana
21%
V Vulture
15%
N Narwhal
12%
W Wolf
12%
Q Quokka
9%
X X-Ray Tetra|X-Ray Fish
9%
U Urchin
3%
No matching quizzes found
Score Distribution
Percent of People with Each Score
Percentile by Number Answered
Your Score History
You have not taken this quiz